Správa z podujatia Prepojenie teórie a praxe na PHF EU Košice - Trendy v internetovej komunikácii

Guardado en:
Detalles Bibliográficos
Autor principal: Olexová, Cecília, 1976-
Otros Autores: Čobádiová, Sabína
Formato: Capítulo de libro
Lenguaje:eslovaco
Etiquetas: Agregar Etiqueta
Sin Etiquetas, Sea el primero en etiquetar este registro!

MARC

LEADER 00000naa a2200000 4500
001 0301315
005 20240619105851.2
041 0 |a slo 
044 |a SK 
245 1 0 |a Správa z podujatia Prepojenie teórie a praxe na PHF EU Košice - Trendy v internetovej komunikácii  |c Cecília Olexová, Sabína Čobádiová 
100 1 |a Olexová, Cecília, 1976- 
700 1 |a Čobádiová, Sabína